Europejski Złoty But - Zwycięzcy - Statystyki

Ogólne statystyki
  • Ten quiz został rozwiązany 1 249 razy
    325 od ostatniego zresetowania
  • Średni wynik to 18 z 30
Statystyki odpowiedzi
Sezon Gole Punkty Zawodnik % Poprawnych
2007/08 31 62 Cristiano Ronaldo
100%
2010/11 40 80 Cristiano Ronaldo
100%
2013/14 31 62 Cristiano Ronaldo
100%
2014/15 48 96 Cristiano Ronaldo
100%
2009/10 34 68 Lionel Messi
100%
2011/12 50 100 Lionel Messi
100%
2012/13 46 92 Lionel Messi
100%
2016/17 37 74 Lionel Messi
100%
2017/18 34 68 Lionel Messi
100%
2018/19 36 72 Lionel Messi
100%
1996/97 34 68 Ronaldo
99%
2020/21 41 82 Robert Lewandowski
95%
2021/22 35 70 Robert Lewandowski
95%
2022/23 36 72 Erling Haaland
82%
2013/14 31 62 Luis Suárez
76%
2015/16 40 80 Luis Suárez
76%
2023/24 36 72 Harry Kane
67%
2003/04 30 60 Thierry Henry
52%
2004/05 25 50 Thierry Henry
52%
2019/20 36 72 Ciro Immobile
44%
2004/05 25 50 Diego Forlán
25%
2008/09 32 64 Diego Forlán
25%
2006/07 26 52 Francesco Totti
18%
2005/06 31 62 Luca Toni
12%
2000/01 35 52,5 Henrik Larsson
7%
2002/03 29 58 Roy Makaay
6%
1998/99 36 72 Mário Jardel
5%
2001/02 42 63 Mário Jardel
5%
1999/00 30 60 Kevin Phillips
3%
1997/98 34 68 Nikos Machlas
2%
Nie znaleziono quizów pasujących do podanych kryteriów
Rozkład punktacji
Procent ludzi z każdym wynikiem
Percentyl według liczby udzielonych odpowiedzi
Twoja historia wyników
Nie rozwiązałeś tego quizu od ostatniego zresetowania